| 000 | 00353nam a22001457a 4500 | ||
|---|---|---|---|
| 020 | _a0-675-20402-X | ||
| 082 | _a621.3192 FLO | ||
| 100 |
_aFLOYD, THOMAS.L _910192 |
||
| 245 | _aPRINCIPLES OF ELECTRIC CIRCUITS | ||
| 250 | _a2ND | ||
| 260 |
_aLONDON _bCHARLES E. MERRILL _c1985 |
||
| 300 | _a860P | ||
| 650 |
_aELECTRIC CIRCUITS _910997 |
||
| 942 | _cBK | ||
| 999 |
_c573212 _d573212 |
||